Delayed senescence in cauliflower transformed with an autoregulated isopentenyl transferase gene /
Сохранить в:
| Другие авторы: | , , , , , , , |
|---|---|
| Формат: | Статья |
| Язык: | English |
| Предметы: | |
| Метки: |
Добавить метку
Нет меток, Требуется 1-ая метка записи!
|
| Thư viện lưu trữ: | Thư viện Trường Đại học Đà Lạt |
|---|
| LEADER | 01116nam a2200373 4500 | ||
|---|---|---|---|
| 001 | DLU090067169 | ||
| 005 | ##20090407 | ||
| 040 | # | # | |a DLU |b eng |
| 041 | # | # | |a eng |
| 044 | # | # | |a us |
| 245 | # | # | |a Delayed senescence in cauliflower transformed with an autoregulated isopentenyl transferase gene / |c Kim-Hong Nguyen ... [et al.]. |
| 653 | # | # | |a Brassica oleracea |
| 653 | # | # | |a Cauliflower |
| 653 | # | # | |a Cytokinins |
| 653 | # | # | |a Isopentnyl adenine |
| 653 | # | # | |a Zeatin |
| 700 | # | # | |a Davelaar, Evert. |
| 700 | # | # | |a Dix, Philip J. |
| 700 | # | # | |a Dun, Kees Van. |
| 700 | # | # | |a Jordi, Wilco. |
| 700 | # | # | |a Kane, Eugene J. |
| 700 | # | # | |a Nguyen, Kim-Hong. |
| 700 | # | # | |a Schepers, Frank. |
| 700 | # | # | |a Stoopen, Geert. |
| 773 | # | # | |t International Journal of Plant Sciences |g Vol. 169, no. 3 (March / April 2008), p. 339-347 |
| 920 | # | # | |a Phòng Tạp chí -- Trung tâm Thông tin - Thư viện Trường Đại học Đà Lạt |
| 994 | # | # | |a DLU |
| 900 | # | # | |a True |
| 911 | # | # | |a Trương Bảo Trâm Anh |
| 925 | # | # | |a G |
| 926 | # | # | |a A |
| 927 | # | # | |a BB |
| 980 | # | # | |a Thư viện Trường Đại học Đà Lạt |